Discriminatie diversiteit Jaarverslag 2009

Gorde:
Xehetasun bibliografikoak
Erakunde egilea: Centrum voor gelijkheid van kansen en voor racismebestrijding
Formatua: Liburua
Hizkuntza:ingelesa
Argitaratua: Bruxelles Centrum voor gelijkheid van kansen en voor racismebestrijding 2010
Etiketak: Etiketa erantsi
Etiketarik gabe, Izan zaitez lehena erregistro honi etiketa jartzen!

MARC

LEADER 00000nam a2200000 4500
005 20240605183843.0
008 240605b |||||||| |||| 00| 0 eng d
040 |c GP 
110 |a Centrum voor gelijkheid van kansen en voor racismebestrijding 
245 |a Discriminatie diversiteit  |b Jaarverslag 2009 
260 |a Bruxelles  |b Centrum voor gelijkheid van kansen en voor racismebestrijding  |c 2010 
942 |2 ddc  |c BK  |n 0 
952 |0 0  |1 0  |2 ddc  |4 0  |6 306_766000000000000_JAA  |7 1  |9 1364  |a RM  |b RM  |d 2024-06-05  |l 0  |o 306.766 JAA  |p 197  |r 2024-06-05 18:39:03  |w 2024-06-05  |y BK 
999 |c 1254  |d 1254